Medailóny autorov

R.1960 člen ZSVU. R.1960-67 externe spolupracuje s časopismi Slovenka, Život. Dokumentarista, výtvarný fotograf

Bibliographic Details
Format: Article
Language:Slovak
Subjects:

MARC

LEADER 00000nab a2200000 a 4500
001 vtls001444830
003 SK-MaSNL
005 20260303080624.0
008 021120sm y0sloyxo 0 slo
015 |a BIOBB2002/02-00649 
035 |a SNK000400061 
040 |a SNK  |b slo  |c SNK  |e AACR2 
041 0 |a slo 
044 |a xo  |c SK 
245 0 0 |a Medailóny autorov  |c Václav Macek 
520 |a R.1960 člen ZSVU. R.1960-67 externe spolupracuje s časopismi Slovenka, Život. Dokumentarista, výtvarný fotograf 
600 1 7 |a Zubrický, Jozef,  |d 1924-2001  |2 SNK  |9 39239 
655 7 |a články zo zborníkov  |2 SNK  |9 166140 
774 0 |w SK01SNK20020392786  |z ISBN 80-8059-058-3  |t Slovenská fotografia 1925-2000  |d Bratislava : Slovenská národná galéria, 2001  |g S.463 
850 |a Slovenská národná knižnica v Martine 
971 |e 19241005  |g Prešov (Slovensko)  |i fotograf 
999 |c 1781249  |d 1783179